Science and the retreat from reason (Record no. 41359)

MARC details
000 -LEADER
fixed length control field 00300nam a2200121Ia 4500
082 ## - DEWEY DECIMAL CLASSIFICATION NUMBER
Classification number 303
Item number GIL
100 ## - MAIN ENTRY--AUTHOR NAME
Personal name Gillott, J
245 #0 - TITLE STATEMENT
Title Science and the retreat from reason
260 ## - PUBLICATION, DISTRIBUTION, ETC. (IMPRINT)
Place of publication London
Name of publisher Merlin Press
Year of publication 1995
700 ## - ADDED ENTRY--PERSONAL NAME
Personal name Kumar, M
942 ## - ADDED ENTRY ELEMENTS (KOHA)
Koha item type Books
Holdings
Withdrawn status Lost status Damaged status Not for loan Home library Current library Date acquired Cost, normal purchase price Full call number Accession Number Koha item type
        RRII Library RRII Library 16/12/2021 10.95 303 GIL 21646 Books